| 000 | 00674cam a2200229 a 4500 | ||
|---|---|---|---|
| 001 | 1423925 | ||
| 005 | 20180208043831.0 | ||
| 008 | 840508s1984 mau b l000 0 eng | ||
| 010 | _a 84009864 | ||
| 020 | _a088135001X (pbk.) | ||
| 040 |
_aDLC _cDLC _dDLC _dOCoLC |
||
| 041 | _aeng | ||
| 060 | _aWT 500 M549 | ||
| 080 | _a616.0019 | ||
| 082 | 0 | 0 |
_a616.0019 ARO _219 |
| 100 | _a7 | ||
| 101 | _aNEU | ||
| 245 | 0 | 0 |
_aMental health and long-term physical illness / _cEugene Aronowitz, Eleanor Mallach Bromberg, editors ; Janice Towers, project director. |
| 504 | _aIncludes bibliographies. | ||
| 906 |
_a7 _bcbc _corignew _d1 _eocip _f19 _gy-gencatlg |
||
| 942 |
_2ddc _cBK |
||
| 999 |
_c42106 _d42106 |
||